Statistiche per Elenca la formazione - Finale UEFA Champions League 2005-2006

Clicka qui per fare il quiz!

Statistiche generali

  • Questo quiz è stato fatto 4 volte
  • Il punteggio medio è 13 su 22

Statistiche sulle risposte

RuoloNazioneCalciatore% Corretto
AttaccanteBrasileRonaldinho
100%
AttaccanteCamerunSamuel Eto'o
100%
DifensoreInghilterraAshley Cole
75%
DifensoreSpagnaCarles Puyol
75%
CentrocampistaSpagnaCesc Fàbregas
75%
CentrocampistaBrasileGilberto Silva
75%
DifensoreMessicoRafael Márquez
75%
AttaccanteFranciaThierry Henry
75%
PortiereSpagnaVíctor Valdés
75%
CentrocampistaBielorussiaAliaksandr Hleb
50%
CentrocampistaPortogalloDeco
50%
DifensoreCosta d'AvorioEmmanuel Eboué
50%
AttaccanteSveziaFredrik Ljungberg
50%
DifensorePaesi BassiGiovanni van Bronckhorst
50%
PortiereGermaniaJens Lehmann
50%
DifensoreCosta d'AvorioKolo Touré
50%
AttaccanteFranciaLudovic Giuly
50%
CentrocampistaFranciaRobert Pirès
50%
DifensoreInghilterraSol Campbell
50%
CentrocampistaPaesi BassiMark van Bommel
25%
DifensoreSpagnaOleguer
25%
CentrocampistaBrasiledmílson
0%

Distribuzione punteggi

Percentile per numero di risposta

Percentuale di utenti per punteggio

I tuoi punteggi nel tempo

Non hai fatto questo quiz